|
|
|
|
| LEADER |
04753nam a2200589 4500 |
| 001 |
978-3-540-45518-9 |
| 003 |
DE-He213 |
| 005 |
20191220130337.0 |
| 007 |
cr nn 008mamaa |
| 008 |
121227s2001 gw | s |||| 0|eng d |
| 020 |
|
|
|a 9783540455189
|9 978-3-540-45518-9
|
| 024 |
7 |
|
|a 10.1007/3-540-45518-3
|2 doi
|
| 040 |
|
|
|d GrThAP
|
| 050 |
|
4 |
|a TK5105.5-5105.9
|
| 072 |
|
7 |
|a UKN
|2 bicssc
|
| 072 |
|
7 |
|a COM075000
|2 bisacsh
|
| 072 |
|
7 |
|a UKN
|2 thema
|
| 082 |
0 |
4 |
|a 004.6
|2 23
|
| 245 |
1 |
0 |
|a Middleware 2001
|h [electronic resource] :
|b IFIP/ACM International Conference on Distributed Systems Platforms Heidelberg, Germany, November 12-16, 2001, Proceedings /
|c edited by Rachid Guerraoui.
|
| 250 |
|
|
|a 1st ed. 2001.
|
| 264 |
|
1 |
|a Berlin, Heidelberg :
|b Springer Berlin Heidelberg :
|b Imprint: Springer,
|c 2001.
|
| 300 |
|
|
|a XIV, 398 p.
|b online resource.
|
| 336 |
|
|
|a text
|b txt
|2 rdacontent
|
| 337 |
|
|
|a computer
|b c
|2 rdamedia
|
| 338 |
|
|
|a online resource
|b cr
|2 rdacarrier
|
| 347 |
|
|
|a text file
|b PDF
|2 rda
|
| 490 |
1 |
|
|a Lecture Notes in Computer Science,
|x 0302-9743 ;
|v 2218
|
| 505 |
0 |
|
|a Java -- Automated Analysis of Java Message Service Providers -- Efficient Object Caching for Distributed Java RMI Applications -- Entity Bean A, B, C's: Enterprise Java Beans Commit Options and Caching -- Mobility -- A WAP-Based Session Layer Supporting Distributed Applications in Nomadic Environments -- Middleware for Reactive Components: An Integrated Use of Context, Roles, and Event Based Coordination -- Experiments in Composing Proxy Audio Services for Mobile Users -- Distributed Abstractions -- Thread Transparency in Information Flow Middleware -- Abstracting Services in a Heterogeneous Environment -- An Efficient Component Model for the Construction of Adaptive Middleware -- Reliability -- Rule-Based Transactional Object Migration over a Reflective Middleware -- The CORBA Activity Service Framework for Supporting Extended Transactions -- Failure Mode Analysis of CORBA Service Implementations -- Home & Office -- ROOM-BRIDGE: Vertically Configurable Network Architecture and Real-Time Middleware for Interoperability between Ubiquitous Consumer Devices in the Home -- Reducing the Energy Usage of Office Applications -- System Software for Audio and Visual Networked Home Appliances on Commodity Operating Systems -- Scalability -- Access Control and Trust in the Use of Widely Distributed Services -- Preserving Causality in a Scalable Message-Oriented Middleware -- Pastry: Scalable, Decentralized Object Location, and Routing for Large-Scale Peer-to-Peer Systems -- Quality of Service -- Providing QoS Customization in Distributed Object Systems -- 2K Q+: An Integrated Approach of QoS Compilation and Reconfigurable, Component-Based Run-Time Middleware for the Unified QoS Management Framework.
|
| 520 |
|
|
|a This book constitutes the refereed proceedings of the IFIP/ACM International Conference on Distributed Systems Platforms, Middleware 2001, held in Heidelberg, Germany, in November 2001. The 20 revised full papers presented were carefully reviewed and selected from a total of 116 submissions. The papers are organized in topical sections on Java, mobility, distributed abstractions, reliability, home and office, scalability, and quality of service.
|
| 650 |
|
0 |
|a Computer communication systems.
|
| 650 |
|
0 |
|a Computers.
|
| 650 |
|
0 |
|a Operating systems (Computers).
|
| 650 |
|
0 |
|a Computer programming.
|
| 650 |
|
0 |
|a Programming languages (Electronic computers).
|
| 650 |
|
0 |
|a Software engineering.
|
| 650 |
1 |
4 |
|a Computer Communication Networks.
|0 http://scigraph.springernature.com/things/product-market-codes/I13022
|
| 650 |
2 |
4 |
|a Theory of Computation.
|0 http://scigraph.springernature.com/things/product-market-codes/I16005
|
| 650 |
2 |
4 |
|a Operating Systems.
|0 http://scigraph.springernature.com/things/product-market-codes/I14045
|
| 650 |
2 |
4 |
|a Programming Techniques.
|0 http://scigraph.springernature.com/things/product-market-codes/I14010
|
| 650 |
2 |
4 |
|a Programming Languages, Compilers, Interpreters.
|0 http://scigraph.springernature.com/things/product-market-codes/I14037
|
| 650 |
2 |
4 |
|a Software Engineering.
|0 http://scigraph.springernature.com/things/product-market-codes/I14029
|
| 700 |
1 |
|
|a Guerraoui, Rachid.
|e editor.
|4 edt
|4 http://id.loc.gov/vocabulary/relators/edt
|
| 710 |
2 |
|
|a SpringerLink (Online service)
|
| 773 |
0 |
|
|t Springer eBooks
|
| 776 |
0 |
8 |
|i Printed edition:
|z 9783662172261
|
| 776 |
0 |
8 |
|i Printed edition:
|z 9783540428008
|
| 830 |
|
0 |
|a Lecture Notes in Computer Science,
|x 0302-9743 ;
|v 2218
|
| 856 |
4 |
0 |
|u https://doi.org/10.1007/3-540-45518-3
|z Full Text via HEAL-Link
|
| 912 |
|
|
|a ZDB-2-SCS
|
| 912 |
|
|
|a ZDB-2-LNC
|
| 912 |
|
|
|a ZDB-2-BAE
|
| 950 |
|
|
|a Computer Science (Springer-11645)
|